Регионална библиотека "Любен Каравелов" - Русе

Тестове по география и икономика за VI клас (Африка, Южна и Северна Америка) (Запис номер 150055)

MARC детайли
000 -Лидер
Контролно поле с фиксирана дължина 01868nam a2200397 c 4500
003 - Код на организацията, давaща контролен номер
Контролно поле BLK
005 - Дата и час на последна редакция
Контролно поле 20230202121637.0
008 - Елементи от данни с фиксирана дължина
fixed length control field 180410b bul|||||r ||||||| ||bul||
010 ## - Наследен системен номер
LC control number KNG00156365000
020 ## - Международен стандартен номер на книга ISBN
Международен стандартен номер на книга ISBN 978-954-2980-04-9
-- издат.: Славина
040 ## - Източник на каталожния запис
Идентификатор на билиотеката - собственик на записа BLK
041 ## - Код за език
Код за езика на текст/звукозапис или на отделно заглавие Български
Код за езика КДБФ Български
072 #7 - Код за тематичната категория
Код организация bullib
Код за тематична категория Н372
Текст Учебни предмети. Учебници Н
080 ## - УДК
Текстов определител УДК География в основното училище. Методика на обучението по география
УДК код - определител по УДК 372.891
УДК определител (079)(075.2)
УДК - код + определител 372.891(079)(075.2)
080 ## - УДК
Текстов определител УДК Стопанска география - учебни предмети
УДК код - определител по УДК 372.833.8:91
УДК определител (079)(075.2)
УДК - код + определител 372.833.8:91(079)(075.2)
100 1# - Редна дума - Автор
Автор Иванов, Анко Илиев
Авторска отговорност първи автор
R(LIN) 253907
139 ## - Редно поле
Редна дума Иванов, Анко Илиев
Авторски знак Иванов - И 21
245 10 - Сведения за заглавието
Заглавие Тестове по география и икономика за VI клас (Африка, Южна и Северна Америка)
Подзаглавни данни За ученици, учители, родители
Редно поле (дума) Анко Илиев Иванов.
257 ## - Страна на издаване
Страна на създаване/издаване България
260 ## - Област на издателските данни
-- София
Име на издателя, разпространителя и проч. Славина
Година на издаване 2013
Печатница София : Образование и наука
300 ## - Физическа характеристика
Страници 128 с.
Илюстрации и др. с табл., к., диагр.
Размери/Мащаб 24 см
380 ## - Жанр
Жанр Обществени науки
650 #4 - Допълнително описание по предмет – тема
Основно описание – тема или топоним География - тестове - учебни помагала
9 (RLIN) 248511
650 #4 - Допълнително описание по предмет – тема
Основно описание – тема или топоним Стопанска география - тестове
9 (RLIN) 271779
653 ## - Ключова дума – ненормативна
Ключова дума география
653 ## - Ключова дума – ненормативна
Ключова дума стопанска география
653 ## - Ключова дума – ненормативна
Ключова дума икономическа география
653 ## - Ключова дума – ненормативна
Ключова дума тестове
653 ## - Ключова дума – ненормативна
Ключова дума VІ кл.
659 ## - Тематичен бюлетин
Тематичен бюлетин Н
852 ## - Местоположение
Форматна сигнатура Цб 267965
856 4# - Електронен адрес и достъп
Електронен формат pdf - файл
Път до файла /url/
856 4# - Електронен адрес и достъп
Електронен формат pdf - файл
Път до файла /url/
942 ## - АРТИКУЛИ
Вид на библиотечния материал Книги
Скрит в OPAC Не
Koha issues (borrowed), all copies 1
944 ## - СЪЗДАВАНЕ И РЕДАКЦИЯ на ЗАПИСА
Създаване/Редакция Създаване
Дата на регистрацията/редакция 07.02.2014
Статус, дата на статуса ф /
Служител, извършил регистрацията/редакцията Пенка_Димитрова
944 ## - СЪЗДАВАНЕ И РЕДАКЦИЯ на ЗАПИСА
Създаване/Редакция Редакция
Дата на регистрацията/редакция 11.02.2015
Статус, дата на статуса ф /
Служител, извършил регистрацията/редакцията Виолета_Тройчева
999 ## - СИСТЕМНИ КОНТРОЛНИ НОМЕРА
Koha biblionumber 150055
Koha biblioitemnumber 150055
Наличности
Код за отписване Код за изгубен артикул Източник на класификационната схема Код за повреда Коз за рестрикции Код за отдаване Артикулен № Име на библиотеката - собственик Име на библиотеката, в която се намира в момента Статус (Текущо местоположение) Дата на вписване в системата Местоположение - отдел Цена в лева Инвентарен номер Систематично азбучна сигнатура Баркод Номер на екземпляра Цена в евро Служебна бележка Служебен тип на артикула
  Не е изгубен Universal Decimal Classification Не е повреден без рестрикции заемане за дома 250556 Регионална библиотека "Любен Каравелов" Русе Регионална библиотека "Любен Каравелов" Русе Детски отдел 2014-02-07 Детски отдел 5.00 120000774334 ДН 373.3.016:9/И 21 А 120000774334 1 2.56 Дост: DA Вид: А N: 3 Дата: 07.02.2014 Дата инв: 24.08.2015 Бележки инв: Д2015 Книги
  Не е изгубен   Не е повреден без рестрикции ползва се в читалня 250557 Регионална библиотека "Любен Каравелов" Русе Регионална библиотека "Любен Каравелов" Русе Хранилище 2014-09-05 Хранилище 5.00 120000780333 Цб 267965 120000780333 2 2.56 Дост: Dp Вид: Д N: 48 Дата: 25.11.2013 Книги
Vip Innovations Ltd, Rousse, Bulgaria 2025